[Event "Shanghai COITCT 2019"]
[Site "Shanghai"]
[Date "2019.09.16"]
[Round "5.14"]
[White "Ma, Zhonghan"]
[Black "Kobalia, Mikhail"]
[Result "0-1"]
[WhiteElo "2485"]
[BlackElo "2608"]
[Annotator "TA"]
[PlyCount "110"]
[EventDate "2019.09.15"]
[EventType "team-tourn"]
[EventCountry "CHN"]
[SourceTitle "playchess.com"]
[Source "ChessBase"]
[SourceQuality "1"]

{[%evp 9,110,25,44,22,34,5,10,9,19,5,5,5,5,5,0,-16,2,-11,0,-36,-16,-50,-15,-16,-19,-72,-79,-117,0,-34,-41,-41,-48,-45,-40,-76,-76,-72,-88,-90,-80,-110,-123,-139,-135,-144,-139,-237,-233,-234,-221,-254,-245,-243,-246,-246,-233,-227,-173,-303,-305,-315,-300,-370,-337,-385,-387,-405,-421,-517,-517,-490,-498,-482,-475,-574,-545,-548,-543,-863,-765,-1382,-1141,-1108,-1055,-29971,-29966,-29978,-29979,-29981,-29981,-29981,-29968,-29981,-29980,-29983,-29984,-29987,-29988,-29988,-29988,-29988,-29989]} 1. d4 d5 2. c4 c6 3. Nf3 Nf6 4. e3 a6 5. Bd3 Bg4 6. Nbd2 {D11: Slav Defence: 3 Nf3 sidelines and 3...Nf6 4 e3 Bg4} e6 7. b3 (7. h3 Bh5 8. Qc2 dxc4 9. Nxc4 Bxf3 10. gxf3 c5 11. dxc5 Bxc5 12. a3 Nc6 13. b4 Be7 {0-1 (36) Nakamura,H (2786)-Carlsen,M (2832) chess.com INT 2018}) 7... c5 8. h3 {The position is equal.} Bh5 9. cxd5 Nxd5 10. g4 Bg6 11. Bxg6 hxg6 12. Bb2 cxd4 13. Nxd4 Be7 14. N4f3 $146 ({Predecessor:} 14. Kf1 Nd7 15. Kg2 g5 16. Ne4 Nc5 17. Nxc5 Bxc5 18. Rc1 {½-½ (18) Saric,A (2483)-Kuljasevic,D (2552) Sibenik 2010}) 14... Bf6 15. Bxf6 Qxf6 16. Ne4 Qe7 17. Kf1 (17. Ne5 $11) 17... Nc6 $17 18. Qc2 Rc8 (18... f5 $17 19. gxf5 gxf5) 19. Qc5 Qxc5 20. Nxc5 {[#]} Ne5 $1 {[%mdl 576] Discovered Attack} 21. Nxe5 Rxc5 22. Nd3 Rc2 23. Rc1 Rxc1+ 24. Nxc1 {[%mdl 4096] Endgame KRN-KRN} Ke7 25. Nd3 Rc8 26. Kg2 Rc2 27. e4 Nc3 28. Nc5 (28. Re1 $17) 28... b6 $19 ({Resist} 28... Rxa2 29. Rc1 $17) ({Don't play} 28... Nxa2 29. Nxb7 Nc1 30. Na5 $17) 29. Nxa6 Nxe4 30. Kf3 {[#]} f5 $1 ({Less strong is} 30... Nxf2 31. Nb4 $15) 31. Nb4 Rxf2+ 32. Ke3 Rg2 33. Rc1 Nc5 34. Kf3 (34. Rd1 $142) 34... Rh2 35. Kg3 Rd2 36. h4 e5 37. gxf5 gxf5 38. Kf3 Kf6 39. Rg1 Rd4 40. a3 Rxh4 41. Nd5+ Ke6 42. Nxb6 Rh3+ 43. Ke2 Rxb3 44. Rxg7 Kf6 45. Rc7 Rxb6 46. Rxc5 {KR-KR} Rb2+ 47. Ke1 Ra2 {Black mates.} 48. Ra5 e4 49. a4 Kg5 50. Ra8 Kf4 51. a5 Ke3 {[%cal Ra2a1]} 52. Kf1 f4 53. a6 f3 {[%cal Ra2a1]} 54. Kg1 Ra1+ 55. Kh2 f2 {Accuracy: White = 21%, Black = 75%.} 0-1

[Event "Shanghai COITCT 2019"]
[Site "Shanghai"]
[Date "2019.09.16"]
[Round "5.15"]
[White "Murzin, Volodar"]
[Black "Mu, Ke"]
[Result "1/2-1/2"]
[WhiteElo "2433"]
[BlackElo "2414"]
[Annotator "TA"]
[PlyCount "51"]
[EventDate "2019.09.15"]
[EventType "team-tourn"]
[EventCountry "CHN"]
[SourceTitle "playchess.com"]
[Source "ChessBase"]
[SourceQuality "1"]

{[%evp 14,51,0,0,0,0,12,5,28,5,8,4,15,1,10,7,19,0,19,0,1,0,10,0,18,0,0,-2,0,-16,0,-16,11,-16,0,-6,-2,-16,0,-17]} 1. e4 e6 2. d4 d5 3. Nc3 Bb4 4. e5 c5 5. a3 Bxc3+ 6. bxc3 Ne7 7. a4 Qa5 8. Bd2 Nbc6 {C19: French: 3 Nc3 Bb4: Main line: 7 Nf3 and 7 a4} 9. f4 Bd7 10. Nf3 h6 $146 ({Predecessor:} 10... Qc7 11. Bd3 Na5 12. O-O Nc4 13. Bc1 Nb6 14. Ng5 h6 15. Qh5 g6 {1-0 (26) Oparin,G (2604)-Goganov,A (2592) Sochi 2017}) 11. Bd3 c4 {The position is equal.} 12. Be2 f5 13. Qb1 O-O-O 14. Qb2 Rdg8 15. Kf2 Be8 16. h4 Bh5 17. Be3 Nd8 18. Qa3 Qc7 19. g3 Nf7 20. Rag1 Bg4 21. Ke1 Kb8 22. Kf2 Kc8 23. Ke1 Kb8 24. Kf2 Ka8 25. Ke1 Kb8 26. Bc1 {Accuracy: White = 24%, Black = 31%.} 1/2-1/2

[Event "Shanghai COITCT 2019"]
[Site "Shanghai"]
[Date "2019.09.17"]
[Round "6.1"]
[White "Karimov, Alisher"]
[Black "Xu, Zhihang"]
[Result "0-1"]
[WhiteElo "2251"]
[BlackElo "2506"]
[Annotator "ChessBase"]
[PlyCount "83"]
[EventDate "2019.09.15"]
[EventType "team-tourn"]
[EventCountry "CHN"]
[SourceTitle "playchess.com"]
[Source "ChessBase"]
[SourceQuality "1"]
[TimeControl "1500+10"]

1. d4 {[%emt 0:00:00]} Nf6 {[%emt 0:00:00]} 2. c4 {[%emt 0:00:00]} e6 {[%emt 0:00:00]} 3. g3 {[%emt 0:00:06]} d5 {[%emt 0:00:05]} 4. Nf3 {[%emt 0:00:11]} dxc4 {[%emt 0:00:09]} 5. Qa4+ {[%emt 0:00:21]} c6 {[%emt 0:00:02]} 6. Qxc4 {[%emt 0:00:04]} b5 {[%emt 0:00:01]} 7. Qc2 {[%emt 0:00:04]} Bb7 {[%emt 0:00:04]} 8. Bg2 {[%emt 0:00:03]} Nbd7 {[%emt 0:00:03]} 9. O-O {[%emt 0:00:04]} Be7 {[%emt 0:00:16]} 10. Nc3 {[%emt 0:00:44]} O-O {[%emt 0:00:27]} 11. Ne5 {[%emt 0:02:10]} Rc8 {[%emt 0:01:11]} 12. Rd1 {[%emt 0:00:46]} a6 {[%emt 0:00:22]} 13. a4 {[%emt 0:01:26]} Nxe5 {[%emt 0:02:09]} 14. dxe5 {[%emt 0:00:01]} Nd5 {[%emt 0:00:06]} 15. Ne4 {[%emt 0:07:02]} Qc7 {[%emt 0:01:04]} 16. Bg5 {[%emt 0:02:40]} Bxg5 {[%emt 0:02:39]} 17. Nxg5 {[%emt 0:00:02]} g6 {[%emt 0:00:01]} 18. Qe4 {[%emt 0:00:51]} h6 {[%emt 0:00:27]} 19. Nf3 {[%emt 0:00:34]} Qe7 {[%emt 0:00:12]} 20. Rac1 {[%emt 0:01:18]} Rfd8 {[%emt 0:00:14]} 21. h4 {[%emt 0:02:47]} c5 {[%emt 0:00:38]} 22. Nh2 {[%emt 0:00:50]} h5 {[%emt 0:00:13]} 23. axb5 {[%emt 0:02:06]} axb5 {[%emt 0:00:01]} 24. Nf3 {[%emt 0:00:28]} Nb6 {[%emt 0:03:13]} 25. Rxd8+ {[%emt 0:01:08]} Rxd8 {[%emt 0:00:03]} 26. Qc2 {[%emt 0:00:04]} Bxf3 {[%emt 0:00:18]} 27. Bxf3 {[%emt 0:00:05]} c4 {[%emt 0:00:09]} 28. Kg2 {[%emt 0:00:54]} Qc7 {[%emt 0:01:50]} 29. Qc3 {[%emt 0:00:37]} Nd5 {[%emt 0:02:59]} 30. Qd4 {[%emt 0:00:02]} Ne7 {[%emt 0:00:27]} 31. Qf4 {[%emt 0:00:04]} Nf5 {[%emt 0:00:19]} 32. Be4 {[%emt 0:01:06]} Rd4 {[%emt 0:00:38]} 33. e3 {[%emt 0:00:22]} Rd2 {[%emt 0:00:10]} 34. Bxf5 {[%emt 0:00:26]} exf5 {[%emt 0:00:01]} 35. b3 {[%emt 0:00:35]} Qc6+ {[%emt 0:00:56]} 36. Kg1 {[%emt 0:00:28]} c3 {[%emt 0:00:06]} 37. e6 {[%emt 0:00:13]} c2 {[%emt 0:00:18]} 38. exf7+ {[%emt 0:00:21]} Kxf7 {[%emt 0:00:07]} 39. e4 {[%emt 0:00:01]} Rd1+ {[%emt 0:00:05]} 40. Kh2 {[%emt 0:00:09]} Rxc1 {[%emt 0:00:29]} 41. Qxc1 {[%emt 0:00:03]} Qxe4 {[%emt 0:00:10]} 42. Qh6 {[%emt 0:00:34]} 0-1

[Event "Shanghai COITCT 2019"]
[Site "Shanghai"]
[Date "2019.09.17"]
[Round "6.2"]
[White "Ma, Zhonghan"]
[Black "Kabilov, Amin"]
[Result "1/2-1/2"]
[WhiteElo "2485"]
[BlackElo "2199"]
[Annotator "ChessBase"]
[PlyCount "81"]
[EventDate "2019.09.15"]
[EventType "team-tourn"]
[EventCountry "CHN"]
[SourceTitle "playchess.com"]
[Source "ChessBase"]
[SourceQuality "1"]
[TimeControl "1500+10"]

1. d4 {[%emt 0:00:00]} d6 {[%emt 0:00:00]} 2. e4 {[%emt 0:00:25]} g6 {[%emt 0:00:02]} 3. Nf3 {[%emt 0:00:04]} Bg7 {[%emt 0:00:01]} 4. Be2 {[%emt 0:00:03]} a6 {[%emt 0:00:12]} 5. O-O {[%emt 0:00:05]} Nd7 {[%emt 0:00:20]} 6. Nc3 {[%emt 0:00:29]} e6 {[%emt 0:00:07]} 7. Bf4 {[%emt 0:01:23]} Ne7 {[%emt 0:00:03]} 8. Qd2 {[%emt 0:00:22]} h6 {[%emt 0:00:02]} 9. e5 {[%emt 0:00:47]} d5 {[%emt 0:00:28]} 10. Bd3 {[%emt 0:00:18]} c5 {[%emt 0:00:22]} 11. dxc5 {[%emt 0:04:03]} Nxc5 {[%emt 0:01:35]} 12. b4 {[%emt 0:03:39]} Nxd3 {[%emt 0:00:17]} 13. cxd3 {[%emt 0:00:02]} g5 {[%emt 0:00:37]} 14. Be3 {[%emt 0:00:08]} g4 {[%emt 0:02:49]} 15. Nd4 {[%emt 0:00:07]} Bxe5 {[%emt 0:00:08]} 16. f4 {[%emt 0:00:03]} Bf6 {[%emt 0:01:13]} 17. Rac1 {[%emt 0:03:37]} Bd7 {[%emt 0:02:16]} 18. Nce2 {[%emt 0:01:54]} h5 {[%emt 0:00:23]} 19. f5 {[%emt 0:02:12]} e5 {[%emt 0:00:18]} 20. Bg5 {[%emt 0:00:03]} Nc6 {[%emt 0:05:35]} 21. Bxf6 {[%emt 0:00:16]} Qxf6 {[%emt 0:00:02]} 22. Nxc6 {[%emt 0:00:17]} Bxc6 {[%emt 0:00:11]} 23. d4 {[%emt 0:00:13]} e4 {[%emt 0:02:45]} 24. Rf2 {[%emt 0:03:23]} Kd7 {[%emt 0:00:11]} 25. Nf4 {[%emt 0:00:38]} h4 {[%emt 0:03:07]} 26. Rc5 {[%emt 0:01:40]} g3 {[%emt 0:00:22]} 27. Rf1 {[%emt 0:00:38]} h3 {[%emt 0:00:38]} 28. Nxh3 {[%emt 0:00:54]} Rag8 {[%emt 0:00:27]} 29. Rc3 {[%emt 0:00:45]} gxh2+ {[%emt 0:00:34]} 30. Kxh2 {[%emt 0:00:11]} Rg4 {[%emt 0:02:08]} 31. Rf2 {[%emt 0:00:44]} Rhg8 {[%emt 0:00:19]} 32. Qe3 {[%emt 0:00:29]} Qh4 {[%emt 0:00:31]} 33. Rcc2 {[%emt 0:00:18]} Rg3 {[%emt 0:00:16]} 34. Qf4 {[%emt 0:00:01]} R8g4 {[%emt 0:00:04]} 35. Qe5 {[%emt 0:00:01]} f6 {[%emt 0:02:13]} 36. Qe6+ {[%emt 0:00:01]} Kc7 37. Rxc6+ {[%emt 0:00:18]} bxc6 {[%emt 0:00:03]} 38. Qe7+ {[%emt 0:00:01]} Kc8 {[%emt 0:00:17]} 39. Qe8+ {[%emt 0:00:02]} Kc7 {[%emt 0:00:02]} 40. Qe7+ {[%emt 0:00:01]} Kc8 {[%emt 0:00:11]} 41. Qe8+ {[%emt 0:00:01]} 1/2-1/2

[Event "Shanghai COITCT 2019"]
[Site "Shanghai"]
[Date "2019.09.17"]
[Round "6.3"]
[White "Antonova, Nadezhda"]
[Black "Mu, Ke"]
[Result "0-1"]
[WhiteElo "1930"]
[BlackElo "2414"]
[Annotator "NA"]
[PlyCount "55"]
[EventDate "2019.09.15"]
[EventType "team-tourn"]
[EventCountry "CHN"]
[SourceTitle "playchess.com"]
[Source "ChessBase"]
[SourceQuality "1"]
[TimeControl "1500+10"]

1. Nf3 {[%emt 0:00:00]} d5 {[%emt 0:00:00]} 2. d4 {[%emt 0:00:00]} Nf6 {[%emt 0:00:04]} 3. e3 {[%emt 0:00:09]} c6 {[%emt 0:00:14]} 4. c4 {[%emt 0:00:18]} e6 {[%emt 0:00:11]} 5. Nc3 {[%emt 0:00:41]} Nbd7 {[%emt 0:00:02]} 6. cxd5 {[%emt 0:00:53]} exd5 {[%emt 0:00:05]} 7. Bd3 {[%emt 0:00:09]} Bd6 {[%emt 0:00:07]} 8. O-O {[%emt 0:00:11]} O-O {[%emt 0:00:25]} 9. Qc2 {[%emt 0:00:42]} Re8 {[%emt 0:00:42]} 10. Bd2 {[%emt 0:02:30]} Qe7 {[%emt 0:01:18]} 11. Rfc1 {[%emt 0:02:34]} Ne4 {[%emt 0:00:35]} 12. a3 {[%emt 0:00:45]} Ndf6 {[%emt 0:01:03]} 13. h3 {[%emt 0:02:52]} h6 {[%emt 0:01:57]} 14. b4 {[%emt 0:00:38]} a6 {[%emt 0:00:06]} 15. Na4 {[%emt 0:00:34]} Bf5 {[%emt 0:00:47]} 16. Nc5 {[%emt 0:00:35]} Rac8 {[%emt 0:00:52]} 17. Bc3 {[%emt 0:01:54]} Bh7 {[%emt 0:01:08]} 18. Rab1 {[%emt 0:03:51]} Rc7 {[%emt 0:00:05]} 19. a4 {[%emt 0:00:23]} g5 {[%emt 0:00:17]} 20. Qe2 {[%emt 0:06:16]} h5 {[%emt 0:03:56]} 21. Bxe4 {[%emt 0:01:33]} Nxe4 {[%emt 0:00:03]} 22. Nxe4 {[%emt 0:00:24]} Bxe4 {[%emt 0:00:10]} 23. Rb2 {[%emt 0:00:08]} g4 {[%emt 0:02:41]} 24. hxg4 {[%emt 0:00:09]} hxg4 {[%emt 0:00:01]} 25. Ne5 {[%emt 0:00:11]} Bxe5 {[%emt 0:00:02]} 26. dxe5 {[%emt 0:00:03]} Qh4 {[%emt 0:00:04]} 27. Bd4 {[%emt 0:00:52]} Re6 {[%emt 0:00:03]} 28. f3 {[%emt 0:00:15]} 0-1

[Event "Shanghai COITCT 2019"]
[Site "Shanghai"]
[Date "2019.09.17"]
[Round "6.4"]
[White "Orozbaev, Eldiar"]
[Black "Zvjaginsev, Vadim"]
[Result "1/2-1/2"]
[WhiteElo "1908"]
[BlackElo "2644"]
[Annotator "TA"]
[PlyCount "63"]
[EventDate "2019.09.15"]
[EventType "team-tourn"]
[EventCountry "CHN"]
[SourceTitle "playchess.com"]
[Source "ChessBase"]
[SourceQuality "1"]

{[%evp 14,63,0,-16,-10,-46,-39,-29,-43,-71,-66,-70,-29,-66,-31,-86,-85,-88,-28,-35,-31,-22,-23,-25,-31,-37,-32,-43,-36,-33,-37,-36,20,14,18,15,23,19,18,0,45,43,30,18,20,21,17,24,21,0,0,0]} 1. e4 c5 2. c3 g6 3. d4 cxd4 4. cxd4 d5 5. exd5 Nf6 6. Nc3 Nxd5 7. Nf3 Bg7 8. Bb5+ Nc6 {B14: Caro-Kann: Panov-Botvinnik Attack with 5...e6 and 5...g6} 9. Qa4 (9. O-O O-O {½-½ (9) Cyborowski,L (2524)-Plat,V (2550) Szczawno Zdroj 2018}) 9... O-O 10. Bxc6 Nb6 {Black has an edge.} 11. Qb3 $146 ({Predecessor:} 11. Qd1 bxc6 12. O-O Bg4 13. Be3 Nd5 14. h3 Bxf3 15. Qxf3 {½-½ (58) Blaas,H (2259)-Weindl,A (2329) Austria 2013}) 11... bxc6 12. O-O Be6 13. Qc2 Bf5 14. Qe2 {[#]} (14. Qd1 $15) 14... c5 $1 $17 {[%cal Rc5d4]} 15. Bg5 Re8 ({Black should play} 15... cxd4 $17 16. Bxe7 {[%mdl 64] Double Attack} dxc3 17. Bxd8 cxb2) 16. Rfd1 cxd4 {[#]} 17. Nxd4 $1 {[%mdl 512]} Bxd4 18. Nb5 {[#]} Bxf2+ $1 19. Qxf2 Qb8 $1 20. Rac1 {White wants to play Nc7.} Nc4 21. Nd4 Nd6 22. Nc6 Qb7 (22... Ne4 $15 23. Qd4 e5 24. Qxe4 Bxe4 25. Nxb8 Rexb8) 23. Nxe7+ $11 {[%mdl 64] Remove Defender} Rxe7 24. Rxd6 Re4 25. Bf6 {And now Qd2 would win.} Rae8 26. Qd2 {Rf1 is the strong threat.} Qb4 ({Wrong is} 26... Re2 $2 {[#]} 27. Qxe2 $1 {[%mdl 512]} Qb8 28. Qd2 $18) 27. Qxb4 Rxb4 28. Rcd1 h6 29. Rd8 Rb8 30. Rxb8 Rxb8 31. Rd8+ Rxd8 32. Bxd8 {Accuracy: White = 63%, Black = 56%.} 1/2-1/2

[Event "Shanghai COITCT 2019"]
[Site "Shanghai"]
[Date "2019.09.17"]
[Round "6.5"]
[White "Kobalia, Mikhail"]
[Black "Zairbek kyzy, Begimai"]
[Result "1/2-1/2"]
[WhiteElo "2608"]
[BlackElo "1989"]
[Annotator "TA"]
[PlyCount "122"]
[EventDate "2019.09.15"]
[EventType "team-tourn"]
[EventCountry "CHN"]
[SourceTitle "playchess.com"]
[Source "ChessBase"]
[SourceQuality "1"]

{[%evp 18,122,27,8,23,31,53,60,53,15,31,43,128,103,157,87,75,61,66,0,28,0,0,0,0,0,0,0,9,-33,1,1,18,0,10,0,4,9,23,18,53,61,54,53,59,57,53,42,79,44,110,127,601,6,2,0,8,0,0,0,0,0,0,0,0,0,0,0,0,0,0,0,0,0,0,0,20,13,25,20,18,17,27,27,27,27,44,41,42,29,50,4,16,0,18,18,31,0,5,0,0,0,14,0,0,0,22]} 1. Nf3 d5 2. g3 Nf6 3. Bg2 e6 4. O-O Be7 5. b3 b6 6. c4 Bb7 7. Bb2 Nbd7 8. e3 O-O 9. Qe2 c5 10. Nc3 a6 {A14: English Opening: 1...e6 with b3 by White} 11. cxd5 (11. Rfd1 Ra7 12. cxd5 Nxd5 13. Nxd5 Bxd5 14. d4 Qa8 15. dxc5 Nxc5 16. Bd4 a5 17. Ne1 Bxg2 18. Nxg2 {½-½ (48) Grandelius,N (2649)-Topalov,V (2754) Stavanger 2016}) 11... exd5 12. d4 Qc7 {White is slightly better.} 13. Rad1 $146 ({Predecessor:} 13. Rac1 Rac8 14. Bh3 Qb8 15. Na4 Rc7 16. Ba3 Qa7 17. Rc2 {½-½ (56) Baeza Escudero,J (1956)-Rodriguez Vignote,J (1874) Madrid 2009}) 13... Rfd8 14. Nh4 Nf8 ({Black should play} 14... g6 $14) 15. Nf5 $16 Ne6 ({Black should try} 15... cxd4 16. Na4 (16. Nxd4 g6 $14) (16. Rxd4 Ne6 $16) (16. exd4 Bb4 $14) 16... b5) 16. Nxe7+ (16. Na4 $142) 16... Qxe7 17. Na4 Bc6 18. Nc3 (18. Nxb6 $14 Bb5 19. Qc2 Bxf1 20. Kxf1 (20. Bxf1 Rab8 $14)) 18... a5 19. Qc2 Rac8 20. Qf5 cxd4 21. exd4 Qb4 22. Qb1 Bb7 23. Qa1 b5 (23... Nxd4 $2 24. Rxd4 $1 {[%mdl 512]} Qxd4 25. Nxd5 $18) (23... Ne4 $5 {[%cal Re4c3]} 24. Nb1 a4 $11) 24. Rfe1 Rc7 25. Bf1 Bc6 ({Not} 25... Nxd4 $2 26. Rxd4 $1 {[%mdl 512]} Qxd4 27. Nxb5 $18) 26. Ne2 Qd6 27. Bc1 b4 28. Nf4 {Black must now prevent Nxe6.} Re7 29. Nxe6 Rxe6 30. Bf4 Qe7 31. Bh3 Rxe1+ 32. Rxe1 Qa7 33. Qc1 Bd7 (33... Bb5 $14) 34. Re7 $1 {Hoping for Be5.} Qa8 $2 {[%mdl 8192] [#]} (34... Qb6 $16 35. Bxd7 Rxd7 36. Rxd7 Nxd7) 35. Bxd7 $2 (35. Bh6 $1 $18 {[%mdl 512] White threatens Qg5! and mate.} Nh5 (35... gxh6 36. Qxh6) 36. Bxd7 gxh6 37. Qxh6) 35... Rxd7 $11 36. Rxd7 Nxd7 37. Bd6 Nf6 38. f3 Qa6 39. Be5 h6 40. Kf2 Nd7 41. Bf4 a4 42. Qc2 axb3 43. Qxb3 Qc4 44. Qb2 Nb6 {Strongly threatening ...Na4.} 45. Bd2 Qd3 {aiming for ...Nc4.} 46. Bxb4 Na4 47. Qd2 Qb1 48. Kg2 $36 {[%mdl 2048] White has the initiative.} Nb2 49. Bc3 Nc4 50. Qe2 Qc1 51. Be1 Kh7 52. Bf2 g6 53. h4 Kg7 54. a4 Qa3 55. Qc2 Qb4 56. Qa2 Qa5 57. Qb3 Qd2 {The position is equal.} 58. Kf1 Qc1+ 59. Kg2 Qd2 60. Kf1 Qc1+ 61. Kg2 Qd2 {Accuracy: White = 53%, Black = 53%.} 1/2-1/2

[Event "Shanghai COITCT 2019"]
[Site "Shanghai"]
[Date "2019.09.17"]
[Round "6.7"]
[White "Kovalev, Vladislav"]
[Black "Lodhi, Mahmood"]
[Result "1-0"]
[WhiteElo "2661"]
[BlackElo "2349"]
[Annotator "TA"]
[PlyCount "121"]
[EventDate "2019.09.15"]
[EventType "team-tourn"]
[EventCountry "CHN"]
[SourceTitle "playchess.com"]
[Source "ChessBase"]
[SourceQuality "1"]

{[%evp 11,121,37,37,37,37,33,40,42,44,29,56,38,52,50,51,60,74,62,104,78,91,67,65,72,73,21,58,54,57,60,67,31,22,21,77,70,54,25,70,0,0,0,0,-123,-92,-95,-64,-84,-71,-74,-71,-222,-18,-7,80,89,466,466,466,466,466,466,466,466,466,466,466,466,466,466,466,466,667,667,658,656,638,576,766,764,774,747,775,741,754,775,800,708,816,781,819,819,807,812,788,775,795,713,793,786,787,786,781,760,772,764,750,747,737,584,584,0]} 1. e4 e5 2. Nf3 Nc6 3. Bc4 Bc5 4. c3 d6 5. d4 exd4 6. cxd4 Bb6 7. Bb5 {C53: Giuoco Piano sidelines} a6 8. Ba4 Bd7 9. Nc3 {White is slightly better.} Nge7 10. O-O O-O 11. h3 h6 12. Be3 Na5 13. Bc2 Nc4 14. Bc1 Ba7 $146 ({Predecessor:} 14... Ba5) 15. b3 Nb6 {[%cal Bc4b6,Bb6c8,Bc8e7,Be7f5,Bf5h4][%mdl 32]} 16. a4 Ng6 17. Re1 Nc8 18. e5 (18. Nd5 $16) 18... Nce7 19. Ba3 Bf5 20. exd6 cxd6 21. Bxf5 (21. Ne4 $5 {[%cal Re4d6]}) 21... Nxf5 22. Qd3 Ngh4 (22... Qd7 $11) 23. Nxh4 $16 Nxh4 24. Re4 f5 25. Rf4 (25. Re6 $14) 25... Qg5 $36 {[%csl Gh4][%cal Rg5g2][%mdl 2048] Black is more active.} 26. g3 $1 Ng6 27. Bxd6 (27. Rf3 $11) 27... Nxf4 28. Bxf4 Qh5 29. Kg2 Rad8 30. d5 Qf7 31. d6 $2 (31. Rb1 $17 {was worth a try.}) 31... Rd7 $2 ({Not} 31... Qxb3 32. Rb1 $17) ({Black should play} 31... Rfe8 $19 {Threatens to win with ...g5.} 32. Rd1 g5) 32. Nd5 Rfd8 (32... Qe6 $11 {remains equal.} 33. h4 Bc5) 33. Re1 $16 Rxd6 $2 {[%mdl 8192]} (33... Kh7 $16) 34. Bxd6 $18 {White is clearly winning.} Rxd6 35. Ne7+ {[%mdl 64] [#] Discovered Attack, Overworked Piece} Qxe7 36. Qc4+ Kf8 37. Rxe7 Kxe7 {[%mdl 4096] Endgame KQ-KRB} 38. Qb4 b5 39. axb5 axb5 40. Qxb5 {Black must now prevent Qe5+.} Bd4 41. Qxf5 g6 (41... g5 $142 42. f4 gxf4 43. gxf4 Kd8) 42. Qe4+ Kd7 43. Qb7+ Kd8 44. h4 h5 45. Qf7 Bb6 46. Kf1 Kc8 47. Ke2 Bc7 48. f4 Kb8 49. Ke3 Rb6 50. Ke4 Kc8 51. Kd3 Rd6+ 52. Kc4 Rc6+ 53. Kd5 Rb6 {[#]} 54. b4 $1 Kb7 (54... Rxb4 55. Qf8+) 55. Kc4 Rc6+ 56. Kd3 Rd6+ 57. Ke4 Rb6 58. Qd5+ Kb8 59. b5 Rf6 60. Kf3 Kc8 61. Ke4 $2 {[%mdl 32768] Accuracy: White = 64%, Black = 39%. . Sensor Board Error (Ke4/e5)?} (61. Ke2 $18) 1-0

[Event "Shanghai COITCT 2019"]
[Site "Shanghai"]
[Date "2019.09.17"]
[Round "6.8"]
[White "Khan, Mohd. Omer"]
[Black "Zhigalko, Sergei"]
[Result "0-1"]
[WhiteElo "2273"]
[BlackElo "2574"]
[Annotator "TA"]
[PlyCount "44"]
[EventDate "2019.09.15"]
[EventType "team-tourn"]
[EventCountry "CHN"]
[SourceTitle "playchess.com"]
[Source "ChessBase"]
[SourceQuality "1"]

{[%evp 17,44,-8,0,-95,-94,-104,-73,-106,-94,-84,-73,-150,-131,-141,-140,-129,-111,-227,-228,-236,-232,-493,-481,-1871,-1723,-29992,-29993,-29997,730]} 1. d4 Nf6 2. Nf3 e6 3. c4 b6 4. Nc3 Bb4 5. a3 Bxc3+ 6. bxc3 Bb7 7. e3 Ne4 8. Qc2 O-O 9. Bd3 f5 10. Bxe4 {E43: Nimzo-Indian: Rubinstein: 4...b6} (10. a4 $11) (10. O-O d6 11. a4 a5 12. Rb1 Nd7 13. Ne1 Qe7 14. f3 Nef6 15. Ba3 g6 16. Qa2 c5 17. Qf2 Rac8 18. Qh4 Rf7 {½-½ (27) Pedersen,L (2066)-Skousen,N (2226) Denmark 2018}) 10... Bxe4 $17 11. Qe2 Qf6 $146 ({Predecessor:} 11... d6 12. O-O Nd7 13. Nd2 Bb7 14. e4 Qf6 15. f3 Rae8 16. a4 a5 17. Ba3 e5 {½-½ (40) Phenn,J (1664)-Strasser,J (1784) Bayerisch Eisenstein 2012}) 12. Bb2 {Black is better.} Nc6 13. O-O Qg6 14. Nh4 (14. Ne1 $142) 14... Qh6 15. g3 {White wants to play f3.} g5 16. Ng2 {With the idea f3.} g4 $36 {[%mdl 2048] White is under strong pressure.} 17. Nf4 (17. Nh4 $17) 17... Bf3 18. Qd2 e5 19. dxe5 $2 {[#]} (19. Ng2 {is the only way for White.}) 19... Nxe5 $19 20. Nd5 (20. e4 $142 Bxe4 21. f3 Nxf3+ 22. Rxf3 Bxf3 23. Re1) 20... Rae8 21. Rae1 Re6 22. Qd4 {[#]} Qxh2+ $1 {[%mdl 33344] Back Rank, Clearance. Accuracy: White = 27%, Black = 71%. . Loss on time!?} 0-1